| 000 | 00489ntaaa2200193 4500 | ||
|---|---|---|---|
| 003 | 01 | ||
| 005 | 20251027202350.0 | ||
| 008 | 0714s1973 ag 01 | ||
| 040 |
_aAR-BaBN _bspa _cAR-BaBN _eaacr _dRIC |
||
| 082 | _a282.0000 J87 | ||
| 100 | _aJuan XXIII, Papa | ||
| 245 | _aEncíclica Pacem in Terris | ||
| 250 | _a1 ed. | ||
| 260 |
_aMadrid : _bEspesa, _c1963 |
||
| 300 | _a254 p | ||
| 650 |
_aPacem in Terris-encíclica _922375 |
||
| 700 |
_aRuiz-Gimenez, Joaquín _922376 |
||
| 942 | _cBK | ||
| 999 |
_c18543 _d18543 |
||